[Event "Scarborough CC Spring Swiss"]
[Site "Toronto CAN"]
[Date "2007.03.29"]
[Round "3"]
[White "Lamb, Bryan"]
[Black "Deiseach, Donald"]
[Result "1-0"]
[WhiteElo "2203"]
[BlackElo "2005"]
[PlyCount "39"]
[GameId "2160767910709879"]
[EventDate "2007.03.15"]
[EventType "swiss"]
[EventRounds "8"]
[EventCountry "CAN"]
[SourceTitle "EXT 2022"]
[Source "ChessBase"]
[SourceDate "2021.10.06"]
[SourceVersion "1"]
[SourceVersionDate "2021.10.06"]
[SourceQuality "1"]

1. e4 e5 2. Nf3 Nc6 3. Bb5 a6 4. Ba4 Nf6 5. O-O d6 6. Bxc6+ bxc6 7. d4 Bg4 8. dxe5 Bxf3 9. Qxf3 dxe5 10. Rd1 Bd6 11. Bg5 h6 12. Bxf6 Qxf6 13. Qxf6 gxf6 14. Nd2 Rb8 15. Nc4 Ke7 16. Rd3 Bc5 17. Kf1 Rbd8 18. Na5 Rxd3 19. cxd3 Kd6 20. Nb7+ 1-0

[Event "Scarborough CC Spring Swiss"]
[Site "Toronto CAN"]
[Date "2007.03.29"]
[Round "3"]
[White "Lung, Stephen"]
[Black "Graham, John"]
[Result "1-0"]
[WhiteElo "1606"]
[BlackElo "1481"]
[PlyCount "92"]
[GameId "2160767910709880"]
[EventDate "2007.03.15"]
[EventType "swiss"]
[EventRounds "8"]
[EventCountry "CAN"]
[SourceTitle "EXT 2022"]
[Source "ChessBase"]
[SourceDate "2021.10.06"]
[SourceVersion "1"]
[SourceVersionDate "2021.10.06"]
[SourceQuality "1"]

1. e4 d6 2. d4 e5 3. dxe5 Qe7 4. Nf3 dxe5 5. Nc3 c6 6. Bc4 Bg4 7. h3 Bh5 8. Bg5 f6 9. Be3 Nd7 10. Qd2 Nb6 11. Bb3 Rd8 12. Qe2 Bf7 13. O-O Qc7 14. Rfd1 Bb4 15. Rxd8+ Qxd8 16. Bxf7+ Kxf7 17. Rd1 Qc7 18. Na4 c5 19. Nxb6 axb6 20. a3 Ba5 21. Qc4+ Ke7 22. b4 Nh6 23. bxa5 f5 24. axb6 Qc6 25. Qxc5+ Qxc5 26. Bxc5+ Ke8 27. exf5 e4 28. Ng5 Nxf5 29. Nxe4 g6 30. Nd6+ Nxd6 31. Bxd6 Kf7 32. Bc7 Ra8 33. Rd7+ Kg8 34. Rd8+ Rxd8 35. Bxd8 Kf7 36. f4 Ke6 37. Kf2 Kd5 38. Ke3 h6 39. Kd3 h5 40. g4 hxg4 41. hxg4 Ke6 42. Ke4 Kd6 43. f5 gxf5+ 44. gxf5 Kd7 45. Bc7 Ke7 46. Ke5 Kf7 1-0

[Event "Scarborough CC Spring Swiss"]
[Site "Toronto CAN"]
[Date "2007.03.29"]
[Round "3"]
[White "Mesiti, Silvano"]
[Black "Douglas, Steven1"]
[Result "1-0"]
[WhiteElo "1782"]
[BlackElo "1589"]
[PlyCount "90"]
[GameId "2160767910709881"]
[EventDate "2007.03.15"]
[EventType "swiss"]
[EventRounds "8"]
[EventCountry "CAN"]
[SourceTitle "EXT 2022"]
[Source "ChessBase"]
[SourceDate "2021.10.06"]
[SourceVersion "1"]
[SourceVersionDate "2021.10.06"]
[SourceQuality "1"]

1. e4 c5 2. Nf3 d6 3. Nc3 Nf6 4. Bc4 Nc6 5. d4 cxd4 6. Nxd4 g6 7. Be3 Bg7 8. h3 O-O 9. Qd2 Qc7 10. Bb3 Bd7 11. Ndb5 Qb8 12. Bh6 a6 13. Bxg7 Kxg7 14. Nd4 b5 15. a3 b4 16. axb4 Nxb4 17. O-O Qc8 18. Rfe1 Nc6 19. Nf3 Bxh3 20. gxh3 Qxh3 21. Nh2 Ng4 22. Nxg4 Qxg4+ 23. Kf1 Ne5 24. Re3 Nf3 25. Qd1 Nh2+ 26. Ke1 Qh4 27. Rg3 f5 28. exf5 Rxf5 29. Ra4 Qh6 30. Re4 Nf3+ 31. Rxf3 Qh1+ 32. Kd2 Qxf3 33. Qxf3 Rxf3 34. Rxe7+ Kh6 35. Ke2 Raf8 36. Ne4 R3f4 37. Ke3 Rh4 38. Rd7 Re8 39. f3 Rh2 40. Rxd6 Kh5 41. Rxa6 h6 42. Bf7 Rxe4+ 43. Kxe4 Rxc2 44. Bxg6+ Kh4 45. Rb6 Rg2 1-0

[Event "Scarborough CC Spring Swiss"]
[Site "Toronto CAN"]
[Date "2007.03.29"]
[Round "3"]
[White "Paterson, Jim"]
[Black "Armstrong, Robert J"]
[Result "0-1"]
[WhiteElo "1916"]
[BlackElo "1740"]
[PlyCount "112"]
[GameId "2160767910709882"]
[EventDate "2007.03.15"]
[EventType "swiss"]
[EventRounds "8"]
[EventCountry "CAN"]
[SourceTitle "EXT 2022"]
[Source "ChessBase"]
[SourceDate "2021.10.06"]
[SourceVersion "1"]
[SourceVersionDate "2021.10.06"]
[SourceQuality "1"]

1. e4 g6 2. c3 Bg7 3. d4 d6 4. Bc4 Nf6 5. Qe2 O-O 6. Bg5 c6 7. Nd2 b5 8. Bd3 a6 9. f4 Qc7 10. Ngf3 c5 11. O-O Bb7 12. Bxf6 Bxf6 13. e5 Bg7 14. Ne4 dxe5 15. dxe5 Nd7 16. Rae1 c4 17. Bc2 Nc5 18. Neg5 e6 19. Nd4 Rad8 20. Qg4 Bc8 21. Qh3 h6 22. Ne4 Nxe4 23. Bxe4 f5 24. exf6 Rxf6 25. Qg3 Qf7 26. Nc6 Rd2 27. Bxg6 Rxg6 28. Qxg6 Qxg6 29. Ne7+ Kh7 30. Nxg6 Kxg6 31. Rf2 Rxf2 32. Kxf2 Kf5 33. Rd1 Bf6 34. g3 b4 35. Rc1 bxc3 36. bxc3 Bb7 37. h3 h5 38. Rb1 Be4 39. Rb8 Bxc3 40. Ke3 Bd5 41. Rg8 Bb2 42. Rg5+ Kf6 43. Rxh5 c3 44. Kd3 Bxa2 45. Kc2 Bd5 46. Rh6+ Kg7 47. Rh4 Be4+ 48. Kb3 a5 49. f5 exf5 50. Rf4 a4+ 51. Kxa4 c2 52. Rf1 Bg2 53. Kb3 c1=Q 54. Rxc1 Bxc1 55. h4 f4 56. gxf4 Bxf4 0-1

[Event "Scarborough CC Spring Swiss"]
[Site "Toronto CAN"]
[Date "2007.03.29"]
[Round "3"]
[White "Philip, Andrew"]
[Black "Lung, Patrick"]
[Result "1-0"]
[WhiteElo "1694"]
[BlackElo "1535"]
[PlyCount "55"]
[GameId "2160767910709883"]
[EventDate "2007.03.15"]
[EventType "swiss"]
[EventRounds "8"]
[EventCountry "CAN"]
[SourceTitle "EXT 2022"]
[Source "ChessBase"]
[SourceDate "2021.10.06"]
[SourceVersion "1"]
[SourceVersionDate "2021.10.06"]
[SourceQuality "1"]

1. d4 d5 2. Bg5 Nf6 3. Bxf6 exf6 4. e3 c6 5. Nd2 Nd7 6. c4 Nb6 7. c5 Nd7 8. b4 a5 9. b5 Nb8 10. Bd3 b6 11. cxb6 Qxb6 12. Qc2 Bd7 13. bxc6 Nxc6 14. Rb1 Nb4 15. Qb3 a4 16. Qa3 Rb8 17. Ne2 Nc2+ 18. Bxc2 Bxa3 19. Rxb6 Rxb6 20. Nc3 Rb2 21. Bd3 Bb4 22. Ndb1 Rxa2 23. O-O Bxc3 24. Nxc3 Rb2 25. Ra1 Rb4 26. Rc1 O-O 27. Ba6 Ra8 28. Bb7 1-0

[Event "Scarborough CC Spring Swiss"]
[Site "Toronto CAN"]
[Date "2007.03.29"]
[Round "3"]
[White "Rutherdale, William"]
[Black "Perez, Michael"]
[Result "0-1"]
[WhiteElo "1915"]
[BlackElo "1673"]
[PlyCount "62"]
[GameId "2160767910709885"]
[EventDate "2007.03.15"]
[EventType "swiss"]
[EventRounds "8"]
[EventCountry "CAN"]
[SourceTitle "EXT 2022"]
[Source "ChessBase"]
[SourceDate "2021.10.06"]
[SourceVersion "1"]
[SourceVersionDate "2021.10.06"]
[SourceQuality "1"]

1. d4 d5 2. c4 e6 3. Nf3 Nf6 4. Bf4 Bd6 5. Bxd6 cxd6 6. e3 O-O 7. Nc3 Qa5 8. Bd3 dxc4 9. Bxc4 Ne4 10. Qc2 d5 11. Bd3 f5 12. O-O Nc6 13. a3 Bd7 14. b4 Qd8 15. Rfc1 Rc8 16. Qb2 a6 17. Bf1 g5 18. Nxe4 dxe4 19. Ne5 Nxe5 20. dxe5 Bc6 21. Rd1 Bd5 22. Rac1 f4 23. exf4 gxf4 24. Qd4 Qg5 25. Rc5 Rcd8 26. Rdc1 e3 27. g3 fxg3 28. fxg3 Bc6 29. Qc4 Qf5 30. Qe2 Qf2+ 31. Qxf2 exf2# 0-1

[Event "Scarborough CC Spring Swiss"]
[Site "Toronto CAN"]
[Date "2007.03.29"]
[Round "3"]
[White "Shah, Vanshil"]
[Black "Moran, Mario"]
[Result "0-1"]
[WhiteElo "983"]
[BlackElo "1751"]
[PlyCount "74"]
[GameId "2160767910709886"]
[EventDate "2007.03.15"]
[EventType "swiss"]
[EventRounds "8"]
[EventCountry "CAN"]
[SourceTitle "EXT 2022"]
[Source "ChessBase"]
[SourceDate "2021.10.06"]
[SourceVersion "1"]
[SourceVersionDate "2021.10.06"]
[SourceQuality "1"]

1. e4 e5 2. d3 Nf6 3. Nc3 Bb4 4. Bg5 O-O 5. Nf3 h6 6. Bxf6 Qxf6 7. g4 Nc6 8. Bh3 Nd4 9. O-O Nxf3+ 10. Kh1 Qf4 11. Qxf3 Qxf3+ 12. Bg2 Qxg4 13. a3 Bxc3 14. bxc3 f5 15. exf5 Rxf5 16. f3 Qh4 17. f4 Rh5 18. Kg1 Qxh2+ 19. Kf2 Qxf4+ 20. Ke1 Qe3+ 21. Kd1 Rh2 22. Re1 Qxe1+ 23. Kxe1 Rxg2 24. a4 Rg1+ 25. Kf2 Rxa1 26. c4 Rxa4 27. c5 b6 28. cxb6 cxb6 29. c4 Bb7 30. d4 exd4 31. Ke2 Rxc4 32. Kd3 Rac8 33. Kd2 Rc3 34. Ke2 Re3+ 35. Kf2 Rc2+ 36. Kf1 Ba6+ 37. Kg1 Re1# 0-1

[Event "Scarborough CC Spring Swiss"]
[Site "Toronto CAN"]
[Date "2007.03.29"]
[Round "3"]
[White "Smith, Maurice"]
[Black "Chuderski, Jan"]
[Result "0-1"]
[WhiteElo "1771"]
[BlackElo "1527"]
[PlyCount "68"]
[GameId "2160767910709887"]
[EventDate "2007.03.15"]
[EventType "swiss"]
[EventRounds "8"]
[EventCountry "CAN"]
[SourceTitle "EXT 2022"]
[Source "ChessBase"]
[SourceDate "2021.10.06"]
[SourceVersion "1"]
[SourceVersionDate "2021.10.06"]
[SourceQuality "1"]

1. d4 Nf6 2. c4 c6 3. Nc3 d5 4. Nf3 e6 5. Bg5 Be7 6. e3 Nbd7 7. Bd3 h6 8. Bh4 O-O 9. O-O Re8 10. Qc2 a6 11. a4 dxc4 12. Bxc4 Nb6 13. Bd3 Nbd5 14. Nxd5 Nxd5 15. Bxe7 Qxe7 16. Ne5 Nb4 17. Qd2 Nxd3 18. Qxd3 Rd8 19. Qc3 Bd7 20. Nxd7 Rxd7 21. Rfd1 Rad8 22. Rd3 Rd5 23. Rad1 Qh4 24. Qe1 e5 25. Qc3 e4 26. R3d2 Rh5 27. h3 Rg5 28. Kf1 Rd6 29. f4 exf3 30. Rf2 fxg2+ 31. Rxg2 Rf6+ 32. Kg1 Rxg2+ 33. Kxg2 Rf2+ 34. Kg1 Qg3+ 0-1

[Event "Scarborough CC Spring Swiss"]
[Site "Toronto CAN"]
[Date "2007.03.29"]
[Round "3"]
[White "Villalobos, Oscar"]
[Black "Samaroo, Muneshwar"]
[Result "1-0"]
[WhiteElo "1528"]
[BlackElo "1513"]
[PlyCount "119"]
[GameId "2160767910709888"]
[EventDate "2007.03.15"]
[EventType "swiss"]
[EventRounds "8"]
[EventCountry "CAN"]
[SourceTitle "EXT 2022"]
[Source "ChessBase"]
[SourceDate "2021.10.06"]
[SourceVersion "1"]
[SourceVersionDate "2021.10.06"]
[SourceQuality "1"]

1. e4 c5 2. Nc3 Nc6 3. g3 d6 4. Bg2 Nf6 5. d3 g6 6. Nge2 Bg7 7. h3 e5 8. O-O O-O 9. f4 Nh5 10. f5 Nd4 11. g4 Nxe2+ 12. Nxe2 Nf6 13. Bg5 h6 14. Bxf6 Bxf6 15. Nc3 g5 16. Nd5 Bd7 17. Bf3 Bc6 18. Ne3 Bg7 19. Qd2 f6 20. c3 b5 21. a4 a6 22. Ra2 Qc7 23. Rfa1 Qb7 24. axb5 axb5 25. Bd1 Rxa2 26. Rxa2 Ra8 27. Bb3+ Kh7 28. Rxa8 Qxa8 29. Bd5 Qa1+ 30. Qd1 Qxd1+ 31. Nxd1 Bxd5 32. exd5 Bf8 33. Nf2 Kg7 34. Ne4 Kf7 35. Kf2 Be7 36. Ke3 Ke8 37. d4 exd4+ 38. cxd4 c4 39. Kd2 Kd7 40. Kc3 Kc7 41. Kb4 Kb6 42. Nc3 Bf8 43. Nxb5 Be7 44. Kxc4 Bf8 45. b4 Be7 46. Nc3 Bd8 47. Kb3 Ka6 48. Ne4 Be7 49. Ka4 Kb6 50. b5 Kb7 51. Kb4 Kb6 52. Nd2 Kb7 53. Nc4 Ka7 54. Ka5 Kb7 55. b6 Kb8 56. Kb5 Kb7 57. Na5+ Kc8 58. Kc6 Bd8 59. Nc4 Be7 60. Nxd6+ 1-0

[Event "Scarborough CC Spring Swiss"]
[Site "Toronto CAN"]
[Date "2007.04.05"]
[Round "4"]
[White "Arfin, Sam"]
[Black "Rutherdale, William"]
[Result "0-1"]
[WhiteElo "1351"]
[BlackElo "1915"]
[PlyCount "48"]
[GameId "2160767910709890"]
[EventDate "2007.03.15"]
[EventType "swiss"]
[EventRounds "8"]
[EventCountry "CAN"]
[SourceTitle "EXT 2022"]
[Source "ChessBase"]
[SourceDate "2021.10.06"]
[SourceVersion "1"]
[SourceVersionDate "2021.10.06"]
[SourceQuality "1"]

1. e4 d6 2. d4 Nf6 3. Nc3 g6 4. Bd3 Bg7 5. Nge2 b6 6. Bg5 O-O 7. Qd2 Re8 8. O-O-O Nbd7 9. f3 c5 10. d5 b5 11. Bxb5 Rb8 12. Bh6 Bh8 13. h4 Qa5 14. Bc6 Qb4 15. b3 Qa3+ 16. Kb1 Ba6 17. Qc1 Qa5 18. g4 Red8 19. h5 Nxe4 20. Bxd7 Nxc3+ 21. Nxc3 Qxc3 22. Bg7 Bxg7 23. Rd4 Bxd4 24. Qb2 Qxb2# 0-1

[Event "Scarborough CC Spring Swiss"]
[Site "Toronto CAN"]
[Date "2007.04.05"]
[Round "4"]
[White "Bellomo, Joe"]
[Black "Lung, Patrick"]
[Result "1-0"]
[WhiteElo "1778"]
[BlackElo "1535"]
[PlyCount "42"]
[GameId "2160767910709891"]
[EventDate "2007.03.15"]
[EventType "swiss"]
[EventRounds "8"]
[EventCountry "CAN"]
[SourceTitle "EXT 2022"]
[Source "ChessBase"]
[SourceDate "2021.10.06"]
[SourceVersion "1"]
[SourceVersionDate "2021.10.06"]
[SourceQuality "1"]

1. e4 e5 2. Nf3 Nc6 3. Bb5 a6 4. Ba4 Nf6 5. O-O Be7 6. Re1 b5 7. Bb3 d6 8. c3 Bg4 9. h3 Bh5 10. d3 O-O 11. Nbd2 h6 12. Nf1 Re8 13. Ng3 Bg6 14. Nh4 Bh7 15. Nhf5 Bf8 16. Bd2 Ne7 17. a4 c6 18. axb5 axb5 19. Rxa8 Qxa8 20. Nxd6 Bg6 21. Nxe8 Qxe8 1-0

[Event "Scarborough CC Spring Swiss"]
[Site "Toronto CAN"]
[Date "2007.04.05"]
[Round "4"]
[White "Ben Avraham, Mark"]
[Black "Paterson, Jim"]
[Result "0-1"]
[WhiteElo "1113"]
[BlackElo "1916"]
[PlyCount "83"]
[GameId "2160767910709892"]
[EventDate "2007.03.15"]
[EventType "swiss"]
[EventRounds "8"]
[EventCountry "CAN"]
[SourceTitle "EXT 2022"]
[Source "ChessBase"]
[SourceDate "2021.10.06"]
[SourceVersion "1"]
[SourceVersionDate "2021.10.06"]
[SourceQuality "1"]

1. d4 Nf6 2. Nf3 e6 3. e3 c5 4. c3 Nc6 5. Bd3 d5 6. Nbd2 cxd4 7. exd4 Bd6 8. O-O O-O 9. Re1 Qc7 10. Qc2 Bd7 11. Nf1 h6 12. Ng3 Rac8 13. a3 Bf4 14. Bxf4 Qxf4 15. Ne2 Qd6 16. Ng3 Rfe8 17. Ne5 Nxd4 18. Qb1 Nb3 19. Ra2 Ba4 20. Qd1 Nc5 21. Qf3 Nxd3 22. Qxd3 Qb6 23. Qe2 Qb3 24. Raa1 d4 25. c4 Qc2 26. Qf3 Re7 27. Nh5 Nxh5 28. Qxh5 Qxb2 29. Reb1 Qd2 30. Qf3 Bc6 31. Nxc6 bxc6 32. Rd1 Qb2 33. c5 e5 34. Re1 Qb7 35. Rab1 Qd7 36. Qg3 Rce8 37. Re4 f5 38. Rh4 Kh7 39. Qh3 f4 40. Qd3+ e4 41. Qc4 g5 42. Rh5 0-1

[Event "Scarborough CC Spring Swiss"]
[Site "Toronto CAN"]
[Date "2007.04.05"]
[Round "4"]
[White "Dattani, Dinesh"]
[Black "Roe, Jim"]
[Result "0-1"]
[WhiteElo "1376"]
[BlackElo "1637"]
[PlyCount "62"]
[GameId "2160767910709893"]
[EventDate "2007.03.15"]
[EventType "swiss"]
[EventRounds "8"]
[EventCountry "CAN"]
[SourceTitle "EXT 2022"]
[Source "ChessBase"]
[SourceDate "2021.10.06"]
[SourceVersion "1"]
[SourceVersionDate "2021.10.06"]
[SourceQuality "1"]

1. d4 d5 2. c4 e6 3. Nf3 Nf6 4. e3 Nbd7 5. Nc3 b6 6. Bd3 dxc4 7. Bxc4 Bb7 8. O-O c5 9. d5 exd5 10. Bxd5 Nxd5 11. Nxd5 Nf6 12. Nxf6+ Qxf6 13. Nd2 Be7 14. Qb3 O-O 15. Nb1 Rad8 16. Bd2 Qg6 17. f3 Rd3 18. Qc4 Rfd8 19. Rd1 Bxf3 20. g3 Bxd1 21. Nc3 Rxd2 22. e4 Qf6 23. Nxd1 Rxd1+ 24. Rxd1 Rxd1+ 25. Kg2 Rd2+ 26. Kh3 Qf3 27. Qd5 Rxd5 28. exd5 h6 29. d6 Qf1+ 30. Kg4 h5+ 31. Kxh5 Qh3# 0-1

[Event "Scarborough CC Spring Swiss"]
[Site "Toronto CAN"]
[Date "2007.04.05"]
[Round "4"]
[White "Moran, Mario"]
[Black "Hall, John2"]
[Result "0-1"]
[WhiteElo "1751"]
[BlackElo "2065"]
[PlyCount "62"]
[GameId "2160767910709894"]
[EventDate "2007.03.15"]
[EventType "swiss"]
[EventRounds "8"]
[EventCountry "CAN"]
[SourceTitle "EXT 2022"]
[Source "ChessBase"]
[SourceDate "2021.10.06"]
[SourceVersion "1"]
[SourceVersionDate "2021.10.06"]
[SourceQuality "1"]

1. f4 d5 2. Nf3 Bg4 3. e3 Nd7 4. h3 Bxf3 5. Qxf3 e5 6. b3 e4 7. Qf2 Ngf6 8. Bb2 Bd6 9. Nc3 c6 10. O-O-O Qe7 11. g4 h6 12. Kb1 Ba3 13. Ba1 a5 14. Be2 a4 15. Rdf1 axb3 16. cxb3 Nc5 17. g5 Nfd7 18. h4 Nd3 19. Bxd3 exd3 20. Qe1 Nc5 21. Qd1 b5 22. Bb2 Bxb2 23. Kxb2 Ne4 24. Nxe4 Qa3+ 25. Kc3 dxe4 26. Qc1 Qxa2 27. Qb2 b4+ 28. Kxb4 Qa5+ 29. Kc4 Qb5+ 30. Kd4 Rd8+ 31. Kc3 Qc5# 0-1

[Event "Scarborough CC Spring Swiss"]
[Site "Toronto CAN"]
[Date "2007.04.05"]
[Round "4"]
[White "Muir, Tom"]
[Black "Tursman, Richard"]
[Result "1/2-1/2"]
[WhiteElo "1594"]
[BlackElo "1498"]
[PlyCount "89"]
[GameId "2160767910709895"]
[EventDate "2007.03.15"]
[EventType "swiss"]
[EventRounds "8"]
[EventCountry "CAN"]
[SourceTitle "EXT 2022"]
[Source "ChessBase"]
[SourceDate "2021.10.06"]
[SourceVersion "1"]
[SourceVersionDate "2021.10.06"]
[SourceQuality "1"]

1. e4 d5 2. exd5 Nf6 3. Nc3 Nxd5 4. Nxd5 Qxd5 5. d4 Bf5 6. Be3 Nc6 7. Nf3 Rd8 8. Bd3 Bg4 9. Be2 e5 10. dxe5 Qa5+ 11. Bd2 Qd5 12. Bc3 Qe6 13. Qc1 Bc5 14. Qf4 Bxf3 15. Bxf3 O-O 16. O-O Nd4 17. Qe4 Nxf3+ 18. Qxf3 c6 19. b3 Rd7 20. Rad1 Rfd8 21. Rxd7 Rxd7 22. Rd1 Rxd1+ 23. Qxd1 Bb6 24. Bd4 Bc7 25. Bxa7 Qxe5 26. g3 Qe6 27. c4 h6 28. Be3 Qf5 29. c5 h5 30. b4 h4 31. a3 h3 32. Qf1 Be5 33. f4 Qe4 34. Kf2 Bd4 35. Bxd4 Qxd4+ 36. Ke2 Qb2+ 37. Kd1 Qxh2 38. Ke1 Qxg3+ 39. Qf2 Qxa3 40. Qd4 Qa8 41. Kf2 Qa2+ 42. Ke3 h2 43. Qd8+ Kh7 44. Qh4+ Kg8 45. Qd8+ 1/2-1/2

[Event "Scarborough CC Spring Swiss"]
[Site "Toronto CAN"]
[Date "2007.04.05"]
[Round "4"]
[White "Rapoport, Alexander"]
[Black "Gillis, Doug"]
[Result "1-0"]
[WhiteElo "1958"]
[BlackElo "1540"]
[PlyCount "53"]
[GameId "2160767910709896"]
[EventDate "2007.03.15"]
[EventType "swiss"]
[EventRounds "8"]
[EventCountry "CAN"]

1. d4 e6 2. Nd2 d5 3. e3 c5 4. c3 Nf6 5. Bd3 Nc6 6. Ngf3 Bd6 7. O-O O-O 8. Qc2 c4 9. Be2 b5 10. e4 dxe4 11. Nxe4 Nxe4 12. Qxe4 Bb7 13. Ng5 g6 14. Qh4 h5 15. Bxh5 Qf6 16. Bf3 Qh8 17. Qxh8+ Kxh8 18. Ne4 Be7 19. Bf4 Rfd8 20. Rfd1 b4 21. Ng5 Bxg5 22. Bxg5 Rd7 23. Bf6+ Kh7 24. Rac1 bxc3 25. Rxc3 Nb4 26. Bxb7 Rxb7 27. Rh3+ 1-0

[Event "Scarborough CC Spring Swiss"]
[Site "Toronto CAN"]
[Date "2007.04.05"]
[Round "4"]
[White "Samaroo, Muneshwar"]
[Black "Smith, Maurice"]
[Result "1/2-1/2"]
[WhiteElo "1513"]
[BlackElo "1771"]
[PlyCount "83"]
[GameId "2160767910709897"]
[EventDate "2007.03.15"]
[EventType "swiss"]
[EventRounds "8"]
[EventCountry "CAN"]
[SourceTitle "EXT 2022"]
[Source "ChessBase"]
[SourceDate "2021.10.06"]
[SourceVersion "1"]
[SourceVersionDate "2021.10.06"]
[SourceQuality "1"]

1. e4 c5 2. Nf3 d6 3. d4 cxd4 4. Nxd4 Nf6 5. Bd3 g6 6. O-O Bg7 7. Re1 O-O 8. h3 Bd7 9. Nf3 Nc6 10. c3 Rc8 11. Nbd2 a6 12. Nb3 Ne8 13. Be3 Ne5 14. Nxe5 Bxe5 15. Bh6 Bg7 16. Bxg7 Nxg7 17. Nd4 Qb6 18. Qd2 Ne6 19. Nf3 Bb5 20. Bc2 Kg7 21. Rad1 Rfd8 22. Nd4 Nxd4 23. Qxd4+ Qxd4 24. Rxd4 Rc4 25. Rxc4 Bxc4 26. b3 Be6 27. c4 Rc8 28. Bb1 Rc5 29. f3 Rg5 30. Kf2 Rc5 31. g4 h5 32. Kg3 hxg4 33. hxg4 a5 34. a4 b6 35. f4 Bd7 36. Bd3 f6 37. Rd1 Be6 38. f5 Bf7 39. Be2 Re5 40. Bf3 Rc5 41. Kf4 g5+ 42. Ke3 1/2-1/2

[Event "Scarborough CC Spring Swiss"]
[Site "Toronto CAN"]
[Date "2007.04.05"]
[Round "4"]
[White "Sherman, Joshua"]
[Black "Lung, Stephen"]
[Result "0-1"]
[WhiteElo "1700"]
[BlackElo "1606"]
[PlyCount "64"]
[GameId "2160767910709898"]
[EventDate "2007.03.15"]
[EventType "swiss"]
[EventRounds "8"]
[EventCountry "CAN"]
[SourceTitle "EXT 2022"]
[Source "ChessBase"]
[SourceDate "2021.10.06"]
[SourceVersion "1"]
[SourceVersionDate "2021.10.06"]
[SourceQuality "1"]

1. e4 e5 2. Nf3 Nc6 3. d4 exd4 4. Bc4 Be7 5. c3 Na5 6. Bd3 dxc3 7. Nxc3 d6 8. O-O Nf6 9. h3 Nc6 10. Qe2 O-O 11. Rd1 Qe8 12. Nd5 Nxd5 13. exd5 Nb4 14. Bxh7+ Kxh7 15. Qe4+ Kg8 16. Qxb4 c6 17. dxc6 Qxc6 18. Bf4 Qc5 19. Qe4 Qc7 20. Rac1 Qd7 21. Ng5 Bxg5 22. Bxg5 Qb5 23. Rd5 Qxb2 24. Rb1 Qxa2 25. Rb4 Qa1+ 26. Kh2 Be6 27. Rxd6 b6 28. Be7 a5 29. Rbd4 Qa2 30. Bxf8 Rxf8 31. Rxb6 Qxf2 32. Ra4 Qxb6 0-1

[Event "Scarborough CC Spring Swiss"]
[Site "Toronto CAN"]
[Date "2007.04.05"]
[Round "4"]
[White "Wu, Aaron"]
[Black "Blackman, Gord"]
[Result "1-0"]
[WhiteElo "1491"]
[BlackElo "1633"]
[PlyCount "89"]
[GameId "2160767910709900"]
[EventDate "2007.03.15"]
[EventType "swiss"]
[EventRounds "8"]
[EventCountry "CAN"]
[SourceTitle "EXT 2022"]
[Source "ChessBase"]
[SourceDate "2021.10.06"]
[SourceVersion "1"]
[SourceVersionDate "2021.10.06"]
[SourceQuality "1"]

1. e4 g6 2. d4 Bg7 3. Nf3 d6 4. c4 Nf6 5. Nc3 O-O 6. Be3 Bg4 7. h3 Bxf3 8. gxf3 Nbd7 9. Qd2 c6 10. Bh6 Rc8 11. Bxg7 Kxg7 12. O-O-O a6 13. f4 b5 14. e5 Ng8 15. h4 f5 16. h5 Nb6 17. hxg6 hxg6 18. Qe3 Nh6 19. Qg3 e6 20. Be2 Ng4 21. Bxg4 fxg4 22. Qxg4 d5 23. Rdg1 Qe8 24. Rh5 Rf5 25. Rxf5 exf5 26. Qxf5 Nd7 27. Qg5 Qf7 28. f5 Nf8 29. f6+ Kg8 30. f4 Nh7 31. Qxg6+ Qxg6 32. Rxg6+ Kh8 33. e6 Nf8 34. Rh6+ Kg8 35. cxd5 cxd5 36. f5 b4 37. Kd2 bxc3+ 38. bxc3 Rc7 39. Rh3 Nh7 40. Rg3+ Kf8 41. e7+ Ke8 42. Rg8+ Nf8 43. exf8=Q+ Kd7 44. Qe8+ Kd6 45. Qe6# 1-0

[Event "Scarborough CC Spring Swiss"]
[Site "Toronto CAN"]
[Date "2007.04.12"]
[Round "5"]
[White "Blackman, Gord"]
[Black "Shah, Vanshil"]
[Result "1-0"]
[WhiteElo "1633"]
[BlackElo "983"]
[PlyCount "63"]
[GameId "2160767910709901"]
[EventDate "2007.03.15"]
[EventType "swiss"]
[EventRounds "8"]
[EventCountry "CAN"]
[SourceTitle "EXT 2022"]
[Source "ChessBase"]
[SourceDate "2021.10.06"]
[SourceVersion "1"]
[SourceVersionDate "2021.10.06"]
[SourceQuality "1"]

1. c4 e5 2. Nc3 d6 3. g3 Bd7 4. Bg2 Qf6 5. Bxb7 Nh6 6. Bxa8 Be7 7. Bg2 O-O 8. Nf3 Ng4 9. d3 Qh6 10. Bxh6 Nxh6 11. O-O Na6 12. a3 Nc5 13. b4 Ne6 14. Nd5 Bd8 15. e4 Nd4 16. Nxd4 exd4 17. h3 c5 18. f4 cxb4 19. axb4 Bc6 20. Rxa7 Bb6 21. Ne7+ Kh8 22. Nxc6 Bxa7 23. Nxa7 Ra8 24. Qa4 g6 25. Ra1 Ng8 26. Qd7 d5 27. cxd5 f5 28. e5 g5 29. fxg5 f4 30. gxf4 h5 31. Be4 Rb8 32. Qh7# 1-0

[Event "Scarborough CC Spring Swiss"]
[Site "Toronto CAN"]
[Date "2007.04.12"]
[Round "5"]
[White "Deiseach, Donald"]
[Black "Roe, Jim"]
[Result "1-0"]
[WhiteElo "2005"]
[BlackElo "1637"]
[PlyCount "53"]
[GameId "2160767910709902"]
[EventDate "2007.03.15"]
[EventType "swiss"]
[EventRounds "8"]
[EventCountry "CAN"]
[SourceTitle "EXT 2022"]
[Source "ChessBase"]
[SourceDate "2021.10.06"]
[SourceVersion "1"]
[SourceVersionDate "2021.10.06"]
[SourceQuality "1"]

1. e4 e6 2. d4 d5 3. Nc3 Nf6 4. e5 Nfd7 5. Nf3 c5 6. Be3 cxd4 7. Nxd4 Nxe5 8. f4 Nec6 9. Bb5 Bd7 10. Nf3 a6 11. Be2 g6 12. O-O Bg7 13. Kh1 O-O 14. Qd2 f5 15. Bc5 Ne7 16. Rad1 Bc6 17. Rfe1 Nd7 18. Bd4 Nf6 19. Ng5 Bd7 20. Bf3 Ne4 21. Bxe4 fxe4 22. Ncxe4 Bxd4 23. Qxd4 dxe4 24. Qxd7 Qxd7 25. Rxd7 Nd5 26. Nxe6 Rf7 27. Rxd5 1-0

[Event "Scarborough CC Spring Swiss"]
[Site "Toronto CAN"]
[Date "2007.04.12"]
[Round "5"]
[White "Douglas, Richard"]
[Black "Hambleton, Richard"]
[Result "0-1"]
[WhiteElo "1760"]
[BlackElo "2113"]
[PlyCount "66"]
[GameId "2160767910709903"]
[EventDate "2007.03.15"]
[EventType "swiss"]
[EventRounds "8"]
[EventCountry "CAN"]
[SourceTitle "EXT 2022"]
[Source "ChessBase"]
[SourceDate "2021.10.06"]
[SourceVersion "1"]
[SourceVersionDate "2021.10.06"]
[SourceQuality "1"]

1. e4 e6 2. d4 d5 3. Nc3 Bb4 4. Nge2 dxe4 5. a3 Bxc3+ 6. Nxc3 f5 7. Bc4 Nf6 8. Bg5 h6 9. Bxf6 Qxf6 10. O-O O-O 11. d5 Kh7 12. Nb5 exd5 13. Bxd5 Qe7 14. Bb3 Rd8 15. Qe2 c6 16. Nc3 Be6 17. Bxe6 Qxe6 18. Rae1 Qe5 19. f3 Na6 20. fxe4 f4 21. Qf2 Rf8 22. Rd1 Rae8 23. Rfe1 Nc5 24. Qe2 Rf6 25. Qf3 Ne6 26. h4 Rg6 27. Qf2 Rf8 28. Rd3 f3 29. Rxf3 Nf4 30. Rxf4 Rxf4 31. Qxa7 Rxh4 32. Qf2 Qh2+ 33. Kf1 Rf4 0-1